Quiz O Juventusie - Statystyki

Ogólne statystyki
  • Ten quiz został rozwiązany 128 razy
  • Średni wynik to 11 z 15
Statystyki odpowiedzi
Zagadnienie Odpowiedź % Poprawnych
Kto był najlepszym bramkarzem Juventusu ? Gianluigi Buffon
96%
Które logo Juventusu jest najnowsze?
94%
Najlepszy strzelec Juventusu w historii Alessandro Del Piero
93%
Obecny Portugalski Skrzydłowy Francisco Conceição
92%
Kto jest teraz w formie? Kenan Yıldız
87%
Które przydomki Juventusu są poprawne? Stara Dama/Bianconeri
87%
Które Z poniższych obrazków przedstawia Nicole Fagiolego
86%
Kiedy został założony Włoski Gigant ? 1 listopada 1897 roku
77%
Legenda Juventusu Alessandro Del Piero
69%
Najlepszy argentyński napastnik Juventusu Paulo Dybala
62%
Kto Zdobył dwie bramki na Derby d'Italia? Kenan Yıldız
54%
W którym roku Paulo Dybala dołączył do Juventusu ? 2015
45%
Kiedy Juventus wygrał lige mistrzów? 95/96
45%
Jak brzmi pełna nazwa Juventusu? Juventus Football Club SpA
37%
Ile Juventus ma tytułów mistrzowskich? 34
31%
Nie znaleziono quizów pasujących do podanych kryteriów
Rozkład punktacji
Procent ludzi z każdym wynikiem
Percentyl według liczby udzielonych odpowiedzi
Twoja historia wyników
Nie rozwiązałeś tego quizu